00460nam a2200157 a 450008200160000010000270001624500190004326000380006230000080010050000350010865000150014370000270015894200070018595200950019299900150028700a297.86bAHM aGhulam, Ahmed Qadiyani aSiraj-E-muneer aLahore bAhmadiyya Anjuman c1897 a92p aincludes index and biblioraphy aAhmadiyyah1 aGhulam, Ahmed Qadiyani cBK 00104070aHMIbHMId2007-07-02g100.00l0o297.86 AHMp06503r2007-07-02w2026-01-16yBK c4777d4777